000 00193nam a2200085 4500
001 1258374
005 20260310101542.0
245 _aBABAANNEM GERİ DÖNDÜ
_cŞERMİN YAŞAR
260 _bTAZE KİTAP
999 _c1258374
_d1258374